| 000 | 00402nam a2200145Ia 4500 | ||
|---|---|---|---|
| 999 |
_c10855 _d10855 |
||
| 008 | 191201s2004 xx 000 0 und d | ||
| 082 |
_a303.342 _bLAP |
||
| 100 | _aLARSON, Charles U. | ||
| 245 | 0 | _aPersuasion : Reception and Responsibility | |
| 250 | _a13th | ||
| 260 |
_aNew Delhi _bWadsworth Cengage Learning _c2013 |
||
| 300 | _a481 | ||
| 650 | _aBachelor of Mass Communication | ||
| 942 |
_2ddc _cBK |
||